000 00325nam a2200133Ia 4500
005 20260328101507.0
008 260328s9999||||xx |||||||||||||| ||und||
100 _aTillet, Jules
245 0 _aDe quelle époque est ce monument? /
_cJules Tillet
260 _bHachette
300 _a103 p.
650 _aHISTORIA
942 _cBK
999 _c9071
_d9071